000 01059nam a2200241 i 4500
001 37522
003 ES-MaACL
005 20250721062600.0
007 t|
008 030314s1864 sp |||| | spa d
100 1 _aMadrazo, Santiago Diego.
_975341
245 1 0 _aDiscursos pronunciados en la Real Academia de Ciencias Morales y Políticas, en la recepción pública del Señor Don Santiago Diego Madrazo en 18 de diciembre de 1864 /
_c[contestación del Sr. D. Manuel Colmeiro].
260 _aMadrid :
_b[s.n.],
_c1864 (
_fImp. de Manuel Galiano)
300 _a58 p. ;
_c24 cm.
530 _aDisponible en formato digital.
594 _aTema del discurso: Relaciones de la economía política con la moral y el derecho
650 7 _aEconomía
_2embne
_912006
700 1 _aColmeiro, Manuel (
_d1818-1894)
_939768
710 2 _aReal Academia de Ciencias Morales y Políticas (España)
_9222050
852 4 _aES-MaACL
_jT-62-F-9
856 4 _uhttp://bdh-rd.bne.es/viewer.vm?id=0000266099&page=1
_zBiblioteca Digital Hispánica
999 _c37522
_d37522